• 首页
  • 本馆介绍
  • 公告通知
  • 最新文献
  • 馆藏检索
  • 电子资源
  • 读者导购
  • 参考咨询
  • 我的图书馆
  • 登录
  • 详细信息显示
  • 放入我的书架
  • 预约/预借图书
  • 作者相关作品
  • 分类相关作品
  • 丛书相关作品
  • 出版社相关作品

书目信息

  • 表格格式
  • 工作单格式
  • 卡片格式
题名:
神圣人生论
    
 
作者: 阿罗频多 撰 ;徐梵澄 译
分册:  
出版信息: 北京   商务印书馆  1984
页数: 1058页
开本: 21cm
丛书名:
单 册:
中图分类: B351.5
科图分类:
主题词: 哲学--印度
电子资源:
ISBN:
000 00732nam0 2200265 45
001 0184010453
005 20060810112523.62
010    @b精装@dCNY4.65
091    @aCN@b2017.312
100    @a19950518d1984 em y0chiy0121 ea
101 1  @achi@cinc
102    @aCN@b110000
105    @ay z 000yy
200 10 @a神圣人生论@Ashen sheng ren sheng lun@f室利·阿罗频多撰@g徐梵澄译
210    @a北京@c商务印书馆@d1984
215    @a1058页@d21cm
300    @a书名原文:The Life Divine
510 1  @aThe Life Divine
606    @a哲学@y印度
690    @aB351.5@v3
701  1 @a阿罗频多@Aa luo pin duo@b室利.@4撰
702  0 @a徐梵澄@Axu fan cheng@4译
801  2 @aCN@bNLC@c20060810
801  0 @aCN@bTSSF
905    @a10447@dB351.5@e9
    
    神圣人生论/室利·阿罗频多撰/徐梵澄译.-北京:商务印书馆,1984
    1058页;21cm
    书名原文:The Life Divine
    
    ISBN (精装):CNY4.65
    
●
相关链接 在E读中查询图书 在五车中查询图书 在当当中查询图书 在豆瓣中查询图书


正题名:神圣人生论     索取号:B351.5/9         预约/预借

序号 登录号 条形码 馆藏地/架位号 状态 备注
1 0448425   204484254   密集书库/ [索取号:B351.5/9] 在馆    
唐山师范学院图书馆 欢迎您!
大连网信软件有限公司© 版权所有